| 000 | 00974cab a22002055a 4500 | ||
|---|---|---|---|
| 001 | L140645 | ||
| 008 | 071003s20070928xxkbo f s 000 0 eng d | ||
| 035 | _a(Sirsi) u140645 | ||
| 041 | 0 | _aeng | |
| 100 | 1 | _aWatson, Stuart | |
| 245 | 0 | 0 | _aRegions to be cheerful? |
| 260 | _c2007 | ||
| 490 |
_aProperty Week Supplement _v72(30) 28 September 2007, 107-112(4) |
||
| 520 | _aReports on the warehouse property market and industrial takeups by region. Scotland is seeing a large number of distribution units built. North West England has seen no large deals since January. The market in Yorkshire and the North East is hoping completion of the East Leeds link road will relieve the land shortage in the region. The Midlands and South West markets are healthy. The South East remains centred around Heathrow. | ||
| 590 | _aKA | ||
| 651 | 4 |
_aUnited Kingdom _y |
|
| 690 | _aPROPERTY-INDUSTRIAL PROPERTY-WAREHOUSE PROPERTY-WAREHOUSES | ||
| 700 | 1 | _aHatcher, David | |
| 942 | _n0 | ||
| 999 |
_c79313 _d79313 |
||